Quentin Tarantino (Alle Filme) - Statistiken

Allgemein
  • Dieses Quiz wurde 71 mal gespielt
  • Das Durchschnittsergebnis liegt bei 6 aus 10
Antwortstatistiken
Film Nr. Erscheinungsjahr Schauspieler Antwort % Korrekt
2 1994 John Travolta Pulp Fiction
94%
8 2012 Leonardo di Caprio Django Unchained
73%
10 2019 Brad Pitt / Leonardo di Caprio Once Upon a Time in Hollywood
66%
4 2003 Uma Thurman Kill Bill – Volume 1
58%
5 2004 Uma Thurman Kill Bill – Volume 2
58%
1 1992 Harvey Keitel Reservoir Dogs
57%
9 2015 Samuel L. Jackson The Hateful Eight
54%
3 1997 Pam Grier Jackie Brown
49%
7 2009 Brad Pitt Inglourious Basterds
43%
6 2007 Kurt Russel Death Proof
36%
Keine übereinstimmenden Quizze gefunden
Verteilung der Resultate
Anzahl Personen mit jedem Resultat
Perzentil nach korrekt beantworteten Fragen
Ihre Resultats-Entwicklung
Sie haben dieses Quiz noch nicht gespielt